000 00570nam a2200217Ia 4500
003 OSt
005 20230623140417.0
008 210423s2014 xx 000 0 und d
020 _a978-81-85618-24-1
040 _cAL
041 _aeng
082 _a532.05 BATI
100 _aBATCHELOR (G K)
_9114985
245 _aIntroduction to fluid dynamics
260 _aNew Delhi
_bCambridge University Press
_c2014
300 _axviii,615
_bPB
365 _b495
_cINR
650 _aFluid Mechanics
_9114986
906 _adynamics ; fluid ; Introduction
942 _2ddc
_cBK
999 _c168165
_d168165